000 00484cam a22001457a 4500
008 180718b1988 xxu||||| |||| 00| 0 eng d
020 _a0745604866
082 _aB7x42 D912
100 _aDuncan, Simon
245 _aLocal state and uneven developement: behind the local government crisis
_cby Simon Duncan and Mark Goodwin
260 _aCambridge
_bPolity Press
_c1988
300 _axviii, 297p
650 _aCentral-local government relations Great Britain
700 _aGoodwin, Mark
999 _c408695
_d408695